20 valtiota tyhjällä maailmankartalla #1 - Statistics

Yleistilastot
  • Tätä visaa on pelattu 575 kertaa
  • Keskiarvotulos 12 / 20
Vastaukset kartalla
Vastauksille on annettu kartalla punavihreä väri sen mukaan, kuinka moni on saanut sen oikein.
 
Vastaustilastot
Valtio % Oikein
Kanada
97%
Argentiina
81%
Ranska
76%
Uusi-Seelanti
73%
Intia
71%
Valko-Venäjä
65%
Pohjois-Korea
63%
Slovakia
60%
Bhutan
59%
Myanmar
59%
Libya
57%
Madagaskar
57%
Malesia
55%
Namibia
55%
Nigeria
53%
Kenia
52%
Papua-Uusi-Guinea
52%
Mosambik
51%
Oman
50%
Honduras
48%
Ehtoja vastaavia visoja ei löytynyt
Tulosjakauma
Jokaisen tuloksen saaneiden osuus
Persentiili vastausten määrän mukaan
Tuloshistoriasi
Et ole pelannut tätä visaa